América Latina: ¿una estrategia regional?
Salvato in:
| Natura: | testo |
|---|---|
| Soggetti: | |
| Tags: |
Aggiungi Tag
Nessun Tag, puoi essere il primo ad aggiungerne!!
|
MARC
| LEADER | 00000 a a2200000 04500 | ||
|---|---|---|---|
| 001 | 44544 | ||
| 003 | |||
| 040 | |||
| 245 | |a América Latina: |b ¿una estrategia regional? | ||
| 650 | |a CRISIS CENTROAMERICANA | ||
| 650 | |a PAISES EN DESARROLLO | ||
| 650 | |a INTEGRACION ECONOMICA | ||
| 650 | |a ANALISIS HISTORICO | ||
| 773 | |g volumen8, número51 (1984), Páginas: 803-804 | ||
| 999 | |c 25701 |d 25701 | ||
